opac-header

अभेद्य है वह जो विशाल है (Record no. 67869)

MARC details
000 -LEADER
fixed length control field 00642nam a2200193 4500
008 - FIXED-LENGTH DATA ELEMENTS--GENERAL INFORMATION
fixed length control field 260306b |||||||| |||| 00| 0 eng d
020 ## - INTERNATIONAL STANDARD BOOK NUMBER
International Standard Book Number 978-81-19772-50-6
040 ## - CATALOGING SOURCE
Original cataloging agency National Science Library
Transcribing agency National Science Library
080 ## - UNIVERSAL DECIMAL CLASSIFICATION NUMBER
Universal Decimal Classification number 821.214.21 CHA
Item number Q4.3
245 ## - TITLE STATEMENT
Title अभेद्य है वह जो विशाल है
Remainder of title भाग-3
246 ## - VARYING FORM OF TITLE
Title proper/short title Abhedya hai vah jo vishal hai
260 ## - PUBLICATION, DISTRIBUTION, ETC.
Place of publication, distribution, etc. Bhopal:
Name of publisher, distributor, etc. Aisect Publications,
300 ## - PHYSICAL DESCRIPTION
Extent 288p.
490 ## - SERIES STATEMENT
Series statement विज्ञान कविता कोश
650 ## - SUBJECT ADDED ENTRY--TOPICAL TERM
Topical term or geographic name entry element Hindi literature
700 ## - ADDED ENTRY--PERSONAL NAME
Personal name Choubey, Santosh (Ed.)
942 ## - ADDED ENTRY ELEMENTS (KOHA)
Source of classification or shelving scheme Universal Decimal Classification
Koha item type Hindi Books
Holdings
Withdrawn status Lost status Source of classification or shelving scheme Damaged status Not for loan Home library Current library Shelving location Date acquired Serial Enumeration / chronology Total Checkouts Full call number Barcode Date last seen Price effective from Koha item type
    Universal Decimal Classification     National Science Library National Science Library GF/REF/Rk-1/C-2/R-5 21/02/2025 Part-3   821.214.21 CHA. Q4.3 291100 06/03/2026 21/02/2025 Hindi Books